| 000 | 00674nam a2200157 a 4500 | ||
|---|---|---|---|
| 008 | 120416s1970 ||||||||||||||||| || u | ||
| 050 | _aTA 434 Lea | ||
| 100 | _aLea, Frederick Measham | ||
| 245 | 1 | 4 | _aThe chemistry of cement and concrete |
| 250 | _a3rd ed. | ||
| 260 |
_aLondon _bEdward Arnold _c1970 |
||
| 300 | _axiv, 727p. : ill. | ||
| 350 | _a0.00 | ||
| 995 |
_aMAIN LIBRARY OPEN ACCESS _D0.00 _e716153 _FCBU-MAIN LIBRARY (Kitwe) _H1 _I20.00 _jTA 434 Lea _M1 _UAVAILABLE _y014875 _ZMain Library Open Access Collection |
||
| 995 |
_aMAIN LIBRARY OPEN ACCESS _D0.00 _e716154 _FCBU-MAIN LIBRARY (Kitwe) _H2 _I20.00 _jTA 434 Lea _M2 _UAVAILABLE _y014876 _ZMain Library Open Access Collection |
||
| 999 |
_c78200 _d78200 |
||